| 000 | 02886cam a2200373 i 4500 | ||
|---|---|---|---|
| 003 | BJBSDDR | ||
| 005 | 20250807110100.0 | ||
| 007 | ta | ||
| 008 | 151105s2016 njuad b 001 0 eng | ||
| 020 | _a9780691168999 (hardback) | ||
| 020 | _a0691168997 (hardback) | ||
| 035 | _a18844718 | ||
| 040 |
_aDLC _beng _cDLC |
||
| 041 | _aeng | ||
| 042 | _apcc | ||
| 043 |
_an-us--- _aa-is--- |
||
| 050 | 1 | 4 |
_a416 DS 132 _bW356t 2016 |
| 082 | 0 | 0 | _a303.48/256940089924073 |
| 100 | 1 |
_aWaxman, Dov, _d1974- _96540 |
|
| 245 | 1 | 0 |
_aTrouble in the tribe : _bthe American Jewish conflict over Israel / _cDov Waxman. |
| 260 | 1 |
_aPrinceton, New Jersey : _bPrinceton University Press, _c2016. |
|
| 300 |
_ax, 316 pages : _billustrations ; _c25 cm |
||
| 504 | _aIncludes bibliographical references (pages 291-307) and index. | ||
| 505 | 0 | _a1. The changing American Jewish relationship with Israel 2. The end of 'Israel, right or wrong' 3. The argument about Israel 4. The erosion of consensus 5. The fracturing of the pro-Israel lobby 6. The challenge to the Jewish establishment 7. The polarization of American Jewry | |
| 520 |
_a"Trouble in the Tribe explores the increasingly contentious place of Israel in the American Jewish community. In a fundamental shift, growing numbers of American Jews have become less willing to unquestioningly support Israel and more willing to publicly criticize its government. More than ever before, American Jews are arguing about Israeli policies, and many, especially younger ones, are becoming uncomfortable with Israel's treatment of Palestinians. Dov Waxman argues that Israel is fast becoming a source of disunity for American Jewry, and that a new era of American Jewish conflict over Israel is replacing the old era of solidarity. Drawing on a wealth of in-depth interviews with American Jewish leaders and activists, Waxman shows why Israel has become such a divisive issue among American Jews. He delves into the American Jewish debate about Israel, examining the impact that the conflict over Israel is having on Jewish communities, national Jewish organizations, and on the pro-Israel lobby. Waxman sets this conflict in the context of broader cultural, political, institutional, and demographic changes happening in the American Jewish community. He offers a nuanced and balanced account of how this conflict over Israel has developed and what it means for the future of American Jewish politics. Israel used to bring American Jews together. Now it is driving them apart. Trouble in the Tribe explains why"-- _cProvided by publisher. |
||
| 546 | _aText in English | ||
| 650 | 0 | _aIsrael and the diaspora. | |
| 650 | 4 |
_aDiáspora _932572 _zIsrael |
|
| 650 | 0 |
_aJews _zUnited States _xAttitudes toward Israel. |
|
| 650 | 4 |
_aJudíos _zEstados Unidos _95376 |
|
| 651 | 4 |
_aIsrael _xHistoria _915613 |
|
| 942 |
_2lcc _cBK |
||
| 946 | _arsfv | ||
| 999 |
_c27777 _d27777 |
||